| 000 | 00349 a2200157 4500 | ||
|---|---|---|---|
| 001 | 154599 | ||
| 040 | _cEscola São Tomás de Aquino | ||
| 100 | _aAMABIS, José Mariano | ||
| 240 | 1 | 0 |
_aConceitos de Biologia _lpor |
| 245 | 1 | 0 | _aConceitos de Biologia |
| 300 | _a222 | ||
| 362 | 0 | _a2001 | |
| 440 | 1 | _aModerna | |
| 697 | _aBIOLOGIA | ||
| 942 | _cBK | ||
| 999 |
_c154599 _d154599 |
||